000 00749nam a2200265 i 4500
001 C2-0132926
003 PPAK
005 20180727123217.0
008 971029s1993 xxka|||| ||||| | eng d
020 _a0750014563
040 _aPPAK
_beng
_cPPAK
_erda
082 0 4 _a032.02
_223
090 0 0 _a032.02
_bGAN
_dRK
100 1 _aGaneri, Anita,
_eauthor
245 1 0 _aSea mammals
264 1 _aHemel Hempstead :
_bSimon & Schuster Young Books ,
_c1993
300 _a32 pages :
_bcolour illustrations ;
_c25 cm
336 _2rdacontent
_atext
337 _2rdamedia
_aunmediated
338 _2rdacarrier
_avolume
490 1 _aPointer series
650 1 0 _aChildren's encyclopedias and dictionaries
830 0 _aPointer series
942 _ddc
_cB
999 _c41769
_d41769